| 000 | 00582cam a2200193 4500 | ||
|---|---|---|---|
| 001 | D8398 | ||
| 008 | 090401t1962 xxu||||| |||| 00| 0 eng d | ||
| 035 | _a(Sirsi) u94585 | ||
| 041 | _aeng | ||
| 050 | _a692.3 | ||
| 110 |
_aRoyal Institution of Chartered Surveyors _94900 |
||
| 245 | _aComparison between 4th and 5th editions of the standard method of measurement of building works issued by The Standing Joint Committee | ||
| 260 |
_aLondon _bRICS/NFBTE _c1962 |
||
| 300 | _a67p. 30cm | ||
| 350 | _a0 | ||
| 520 | _aFiled at SMM 1962/3BCD | ||
| 942 | _n0 | ||
| 948 | _c04/03/1997 | ||
| 999 |
_c98089 _d98089 |
||